| 000 | 01836nam2a22002651 4500 | ||
|---|---|---|---|
| 001 | RU\NLR\INFOCOMM31\5000091946 | ||
| 005 | 20050129145206.9 | ||
| 035 | _a(NLR Aleph) 002409963 | ||
| 090 |
_a1811137 _c1811137 |
||
| 100 | _a20050119d1978 |||y0rusy50 ca | ||
| 101 | 0 | _arus | |
| 102 | _aRU | ||
| 105 | _ay ||||000|y | ||
| 200 | 1 |
_aГиперзвуковое течение вязкого газа в плоском сопле _fЮ.Н. Ермак |
|
| 210 | _d1978 | ||
| 423 | 0 |
_12001#$aРасчет формы самобалансирующейся нижней поверхности гиперзвуковых летательных аппаратов с высоким аэродинамическим качеством$fН.А. Благовещенский и др. _1700#1$aБлаговещенский$bН.А. _tРасчет формы самобалансирующейся нижней поверхности гиперзвуковых летательных аппаратов с высоким аэродинамическим качеством _aБлаговещенский, Н.А. |
|
| 461 | 0 |
_1001RU\NLR\INFOCOMM31\5000085815 _12001#$aТруды ЦАГИ$fЦентр. аэрогидродинам. ин-т им. проф. Н.Е. Жуковского$vВып.1904 _93998286 _aЦентральный аэрогидродинамический институт им. Н. Е. Жуковского (Москва) _cМ. _d1923 - _fЦентр. аэрогидродинам. ин-т им. проф. Н.Е. Жуковского _nИзд-во Бюро новой техники НКАП _tТруды ЦАГИ _x2588-0098 _vВып.1904 |
|
| 700 | 1 |
_aЕрмак _bЮ. Н. _4070 |
|
| 801 | 0 |
_aRU _bNLR _gPSBO |
|
| 801 | 1 |
_aRU _bInfoComm _c20050129 |
|
| 852 |
_aNLR _jП11/665 |
||
| 942 | _cISSUE | ||
| 980 | _aNB | ||
| 980 | _aRUSPER | ||